[Event "Benidorm Satellite preliminary"]
[Site "playchess.com #007036"]
[Date "2009.10.24"]
[Round "12"]
[White "Roefe"]
[Black "Wild"]
[Result "1-0"]
[WhiteElo "1677"]
[BlackElo "1430"]
[PlyCount "129"]
[EventDate "2009.10.24"]
[EventType "swiss (blitz)"]

1. d4 {[%emt 0:00:01]} d5 {[%emt 0:00:02]} 2. c4 {[%emt 0:00:01]} e6 {[%emt 0:
00:01]} 3. Nf3 {[%emt 0:00:01]} c5 {[%emt 0:00:01]} 4. e3 {[%emt 0:00:01]} cxd4
{[%emt 0:00:01]} 5. exd4 {[%emt 0:00:01]} Be7 {[%emt 0:00:01]} 6. Bd3 {[%emt 0:
00:01]} Nf6 {[%emt 0:00:01]} 7. O-O {[%emt 0:00:02]} Nc6 {[%emt 0:00:06]} 8. b3
{[%emt 0:00:03]} Nb4 {[%emt 0:00:02]} 9. Be2 {[%emt 0:00:02]} O-O {[%emt 0:00:
04]} 10. Bb2 {[%emt 0:00:01]} Bd7 {[%emt 0:00:03]} 11. a3 {[%emt 0:00:02]} Nc6
{[%emt 0:00:01]} 12. Nbd2 {[%emt 0:00:01]} b6 {[%emt 0:00:04]} 13. Qc2 {[%emt
0:00:01]} Rc8 {[%emt 0:00:02]} 14. Bd3 {[%emt 0:00:01]} Nb8 {[%emt 0:00:06]}
15. Rac1 {[%emt 0:00:02]} dxc4 {[%emt 0:00:29]} 16. bxc4 {[%emt 0:00:00]} Bc6 {
[%emt 0:00:07]} 17. Ne5 {[%emt 0:00:02]} Nbd7 {[%emt 0:00:09]} 18. Ndf3 {[%emt
0:00:02]} Nxe5 {[%emt 0:00:01]} 19. Nxe5 {[%emt 0:00:02]} Bd6 {[%emt 0:00:06]}
20. Rcd1 {[%emt 0:00:07]} Qc7 {[%emt 0:00:06]} 21. h3 {[%emt 0:00:09]} a6 {
[%emt 0:00:22]} 22. Qe2 {[%emt 0:00:02]} b5 {[%emt 0:00:01]} 23. Rc1 {[%emt 0:
00:03]} Qb7 {[%emt 0:00:20]} 24. f3 {[%emt 0:00:09]} Bxe5 {[%emt 0:00:12]} 25.
dxe5 {[%emt 0:00:03]} Ne8 {[%emt 0:00:09]} 26. cxb5 {[%emt 0:00:02]} axb5 {
[%emt 0:00:10]} 27. Bd4 {[%emt 0:00:15]} f5 {[%emt 0:00:02]} 28. exf6 {[%emt 0:
00:09]} Nxf6 {[%emt 0:00:03]} 29. Qxe6+ {[%emt 0:00:04]} Kh8 {[%emt 0:00:01]}
30. Qf5 {[%emt 0:00:12]} Bd7 {[%emt 0:00:31]} 31. Rxc8 {[%emt 0:00:12]} Qxc8 {
[%emt 0:00:04]} 32. Qg5 {[%emt 0:00:10]} Qe8 {[%emt 0:00:21]} 33. Bf2 {[%emt 0:
00:18] .} Qh5 {[%emt 0:00:04]} 34. Qxh5 {[%emt 0:00:12]} Nxh5 {[%emt 0:00:01]}
35. Rc1 {[%emt 0:00:06]} Nf4 {[%emt 0:00:02]} 36. Bf1 {[%emt 0:00:05]} h6 {
[%emt 0:00:03]} 37. Rc7 {[%emt 0:00:02]} Bf5 {[%emt 0:00:03]} 38. Kh2 {[%emt 0:
00:10]} Nd3 {[%emt 0:00:05]} 39. Bxd3 {[%emt 0:00:05]} Bxd3 {[%emt 0:00:01]}
40. Bd4 {[%emt 0:00:01]} Rg8 {[%emt 0:00:03]} 41. Kg3 {[%emt 0:00:03]} Bf5 {
[%emt 0:00:03]} 42. Kf4 {[%emt 0:00:01]} Be6 {[%emt 0:00:01]} 43. g4 {[%emt 0:
00:02]} Kh7 {[%emt 0:00:03]} 44. g5 {[%emt 0:00:02]} Rf8+ {[%emt 0:00:01]} 45.
Kg3 {[%emt 0:00:02]} hxg5 {[%emt 0:00:02]} 46. Rxg7+ {[%emt 0:00:02]} Kh6 {
[%emt 0:00:01]} 47. Re7 {[%emt 0:00:06]} Bf5 {[%emt 0:00:02]} 48. Bg7+ {[%emt
0:00:02]} Kh5 {[%emt 0:00:02]} 49. Bxf8 {[%emt 0:00:01]} g4 {[%emt 0:00:01]}
50. fxg4+ {[%emt 0:00:03]} Bxg4 {[%emt 0:00:01]} 51. hxg4+ {[%emt 0:00:01]} Kg5
{[%emt 0:00:01]} 52. Re5+ {[%emt 0:00:03]} Kf6 {[%emt 0:00:02]} 53. Rxb5 {
[%emt 0:00:01]} Kf7 {[%emt 0:00:01]} 54. Bh6 {[%emt 0:00:01]} Kg6 {[%emt 0:00:
01]} 55. Bf4 {[%emt 0:00:01]} Kf7 {[%emt 0:00:01]} 56. Kh4 {[%emt 0:00:02]} Ke6
{[%emt 0:00:01]} 57. Kg5 {[%emt 0:00:01]} Kf7 {[%emt 0:00:01]} 58. Kh6 {[%emt
0:00:01]} Ke6 {[%emt 0:00:01]} 59. g5 {[%emt 0:00:01]} Kf7 {[%emt 0:00:01]} 60.
Kh7 {[%emt 0:00:01]} Kf8 {[%emt 0:00:02]} 61. g6 {[%emt 0:00:01]} Ke7 {[%emt 0:
00:01]} 62. g7 {[%emt 0:00:01]} Ke6 {[%emt 0:00:01]} 63. g8=Q+ {[%emt 0:00:04]}
Kf6 {[%emt 0:00:00]} 64. Qg6+ {[%emt 0:00:03]} Ke7 {[%emt 0:00:01]} 65. Rb7+ {
[%emt 0:00:01] Wild gibt auf} 1-0

[Event "Benidorm Satellite preliminary"]
[Site "playchess.com #007036"]
[Date "2009.10.24"]
[Round "12"]
[White "MichelS"]
[Black "Retep1"]
[Result "0-1"]
[WhiteElo "1847"]
[BlackElo "1679"]
[PlyCount "104"]
[EventDate "2009.10.24"]
[EventType "swiss (blitz)"]

1. e4 {[%emt 0:00:02]} c5 {[%emt 0:00:07]} 2. d4 {[%emt 0:00:03]} cxd4 {[%emt
0:00:01]} 3. c3 {[%emt 0:00:01]} dxc3 {[%emt 0:00:09]} 4. Nxc3 {[%emt 0:00:00]}
Nc6 {[%emt 0:00:07]} 5. Bc4 {[%emt 0:00:02]} e6 {[%emt 0:00:05]} 6. Nf3 {[%emt
0:00:02]} d6 {[%emt 0:00:05]} 7. O-O {[%emt 0:00:01]} Nf6 {[%emt 0:00:04]} 8.
Qe2 {[%emt 0:00:01]} Be7 {[%emt 0:00:05]} 9. Rd1 {[%emt 0:00:01]} e5 {[%emt 0:
00:16]} 10. Bg5 {[%emt 0:00:05]} Bg4 {[%emt 0:00:08]} 11. h3 {[%emt 0:00:09]}
Nd4 {[%emt 0:00:09]} 12. Rxd4 {[%emt 0:00:02]} exd4 {[%emt 0:00:14]} 13. Nd5 {
[%emt 0:00:16]} Bxf3 {[%emt 0:00:05]} 14. gxf3 {[%emt 0:00:14]} Nxd5 {[%emt 0:
00:06]} 15. exd5 {[%emt 0:00:03]} Kf8 {[%emt 0:00:13]} 16. Bf4 {[%emt 0:00:07]}
Bf6 {[%emt 0:00:06]} 17. Re1 {[%emt 0:00:08]} g5 {[%emt 0:00:12]} 18. Bg3 {
[%emt 0:00:06]} Kg7 {[%emt 0:00:07]} 19. f4 {[%emt 0:00:10]} h6 {[%emt 0:00:04]
} 20. Qg4 {[%emt 0:00:03]} Qc7 {[%emt 0:00:17]} 21. Bd3 {[%emt 0:00:04]} Qa5 {
[%emt 0:00:08]} 22. Rc1 {[%emt 0:00:30]} Qxd5 {[%emt 0:00:06]} 23. Rc7 {[%emt
0:00:17]} Rae8 {[%emt 0:00:18]} 24. f3 {[%emt 0:00:22]} Qxa2 {[%emt 0:00:06]}
25. fxg5 {[%emt 0:00:08]} hxg5 {[%emt 0:00:05]} 26. Bf2 {[%emt 0:00:20]} Qa1+ {
[%emt 0:00:02]} 27. Kg2 {[%emt 0:00:01]} Qxb2 {[%emt 0:00:07]} 28. Bc4 {[%emt
0:00:02]} Rhf8 {[%emt 0:00:09]} 29. h4 {[%emt 0:00:03]} Qd2 {[%emt 0:00:07]}
30. Qh5 {[%emt 0:00:10]} Re7 {[%emt 0:00:05]} 31. Rxe7 {[%emt 0:00:08]} Bxe7 {
[%emt 0:00:01]} 32. Qg4 {[%emt 0:00:09]} Qf4 {[%emt 0:00:02]} 33. Bxd4+ {[%emt
0:00:02]} f6 {[%emt 0:00:02]} 34. Qd7 {[%emt 0:00:04]} d5 {[%emt 0:00:06]} 35.
Bxd5 {[%emt 0:00:02]} Qd6 {[%emt 0:00:03]} 36. Qf5 {[%emt 0:00:03]} Rd8 {[%emt
0:00:02]} 37. Kh3 {[%emt 0:00:02]} Qxd5 {[%emt 0:00:02]} 38. Qg4 {[%emt 0:00:
06]} Qd7 {[%emt 0:00:01]} 39. hxg5 {[%emt 0:00:04]} Qxg4+ {[%emt 0:00:01]} 40.
Kxg4 {[%emt 0:00:01]} Kg6 {[%emt 0:00:02]} 41. gxf6 {[%emt 0:00:01]} Bxf6 {
[%emt 0:00:01]} 42. Be3 {[%emt 0:00:01]} Rd5 {[%emt 0:00:02]} 43. Bf4 {[%emt 0:
00:00]} b5 {[%emt 0:00:01]} 44. Kg3 {[%emt 0:00:00]} a5 {[%emt 0:00:01]} 45.
Kf2 {[%emt 0:00:00]} Rf5 {[%emt 0:00:01]} 46. Ke3 {[%emt 0:00:00]} b4 {[%emt 0:
00:01]} 47. Ke4 {[%emt 0:00:01]} Rc5 {[%emt 0:00:01]} 48. Bd2 {[%emt 0:00:01]}
Rc8 {[%emt 0:00:00]} 49. Be3 {[%emt 0:00:01]} a4 {[%emt 0:00:01]} 50. Bb6 {
[%emt 0:00:00]} b3 {[%emt 0:00:00]} 51. Ba5 {[%emt 0:00:01]} b2 {[%emt 0:00:00]
} 52. Bc3 {[%emt 0:00:01]} b1=Q+ {[%emt 0:00:01] MichelS abandonne} 0-1

[Event "Benidorm Satellite preliminary"]
[Site "playchess.com #007036"]
[Date "2009.10.24"]
[Round "12"]
[White "Knetterbernd"]
[Black "pepecuenca2"]
[Result "0-1"]
[WhiteElo "2229"]
[BlackElo "2432"]
[PlyCount "114"]
[EventDate "2009.10.24"]
[EventType "swiss (blitz)"]

1. e4 {[%emt 0:00:01]} e5 {[%emt 0:00:01]} 2. Nf3 {[%emt 0:00:01]} Nc6 {[%emt
0:00:01]} 3. Bb5 {[%emt 0:00:01]} Nf6 {[%emt 0:00:08]} 4. O-O {[%emt 0:00:03]}
Nxe4 {[%emt 0:00:01]} 5. d4 {[%emt 0:00:02]} Nd6 {[%emt 0:00:01]} 6. Bxc6 {
[%emt 0:00:01]} dxc6 {[%emt 0:00:01]} 7. dxe5 {[%emt 0:00:00]} Nf5 {[%emt 0:00:
00]} 8. Qxd8+ {[%emt 0:00:00]} Kxd8 {[%emt 0:00:00]} 9. Nc3 {[%emt 0:00:01]} h6
{[%emt 0:00:00]} 10. Ne4 {[%emt 0:00:05]} Bd7 {[%emt 0:00:04]} 11. g4 {[%emt 0:
00:07]} Ne7 {[%emt 0:00:02]} 12. h3 {[%emt 0:00:01]} Ng6 {[%emt 0:00:04]} 13.
Ng3 {[%emt 0:00:08]} Kc8 {[%emt 0:00:11]} 14. b3 {[%emt 0:00:08]} b6 {[%emt 0:
00:06]} 15. Bb2 {[%emt 0:00:02]} Nf4 {[%emt 0:00:01]} 16. Kh2 {[%emt 0:00:08]}
h5 {[%emt 0:00:01]} 17. g5 {[%emt 0:00:18]} Bxh3 {[%emt 0:00:05]} 18. Rfe1 {
[%emt 0:00:04]} Be6 {[%emt 0:00:01]} 19. Nd4 {[%emt 0:00:05]} Be7 {[%emt 0:00:
14]} 20. Ne4 {[%emt 0:00:05]} c5 {[%emt 0:00:08]} 21. Nxe6 {[%emt 0:00:02]}
Nxe6 {[%emt 0:00:14]} 22. Rg1 {[%emt 0:00:04]} g6 {[%emt 0:00:13]} 23. Raf1 {
[%emt 0:00:16]} Kb7 {[%emt 0:00:06]} 24. f4 {[%emt 0:00:02]} Ng7 {[%emt 0:00:
01]} 25. e6 {[%emt 0:00:11]} Rh7 {[%emt 0:00:43]} 26. exf7 {[%emt 0:00:16]} Nf5
{[%emt 0:00:02]} 27. Ng3 {[%emt 0:00:22]} Rxf7 {[%emt 0:00:06]} 28. Nxf5 {
[%emt 0:00:02]} Rxf5 {[%emt 0:00:00]} 29. Be5 {[%emt 0:00:03]} Raf8 {[%emt 0:
00:06]} 30. Re1 {[%emt 0:00:11]} R8f7 {[%emt 0:00:06]} 31. Re2 {[%emt 0:00:06]}
Kc6 {[%emt 0:00:06]} 32. Rge1 {[%emt 0:00:02]} Bd6 {[%emt 0:00:00]} 33. Bxd6 {
[%emt 0:00:15]} cxd6 {[%emt 0:00:00]} 34. Re6 {[%emt 0:00:01]} Rxf4 {[%emt 0:
00:03]} 35. Rxg6 {[%emt 0:00:01]} Rh4+ {[%emt 0:00:02]} 36. Kg3 {[%emt 0:00:03]
} Rg4+ {[%emt 0:00:01]} 37. Kh3 {[%emt 0:00:01]} Rf3+ {[%emt 0:00:01]} 38. Kh2
{[%emt 0:00:01]} Rf2+ {[%emt 0:00:03]} 39. Kh3 {[%emt 0:00:01]} Rxc2 {[%emt 0:
00:01]} 40. Ree6 {[%emt 0:00:06]} Rd2 {[%emt 0:00:02]} 41. Rg7 {[%emt 0:00:02]}
Rd1 {[%emt 0:00:05]} 42. Kh2 {[%emt 0:00:01]} Rdg1 {[%emt 0:00:14]} 43. g6 {
[%emt 0:00:02]} Kd5 {[%emt 0:00:07]} 44. Rf6 {[%emt 0:00:16]} Ke5 {[%emt 0:00:
03]} 45. Rf2 {[%emt 0:00:06]} Rxg6 {[%emt 0:00:03]} 46. Rxa7 {[%emt 0:00:00]}
Kd5 {[%emt 0:00:07]} 47. Rb7 {[%emt 0:00:02]} Kc6 {[%emt 0:00:01]} 48. Re7 {
[%emt 0:00:01]} R1g5 {[%emt 0:00:04]} 49. a4 {[%emt 0:00:02]} Rg3 {[%emt 0:00:
03]} 50. Rb2 {[%emt 0:00:08]} R3g4 {[%emt 0:00:02]} 51. Kh3 {[%emt 0:00:03]}
Rf6 {[%emt 0:00:06]} 52. Rh7 {[%emt 0:00:04]} Rf3+ {[%emt 0:00:02]} 53. Kh2 {
[%emt 0:00:01]} Rb4 {[%emt 0:00:01]} 54. Rxh5 {[%emt 0:00:01]} Rbxb3 {[%emt 0:
00:01]} 55. Rd2 {[%emt 0:00:02]} Rfd3 {[%emt 0:00:01]} 56. Rf2 {[%emt 0:00:02]}
Ra3 {[%emt 0:00:05]} 57. Rh4 {[%emt 0:00:01]} Rd4 {[%emt 0:00:02] Knetterbernd
gibt auf} 0-1

[Event "Benidorm Satellite preliminary"]
[Site "playchess.com #007036"]
[Date "2009.10.24"]
[Round "12"]
[White "XxHUTIxx"]
[Black "Phlegias"]
[Result "0-1"]
[WhiteElo "1737"]
[BlackElo "1923"]
[PlyCount "86"]
[EventDate "2009.10.24"]
[EventType "swiss (blitz)"]

1. e4 {[%emt 0:00:03]} c5 {[%emt 0:00:01]} 2. Nf3 {[%emt 0:00:01]} d6 {[%emt 0:
00:01]} 3. d4 {[%emt 0:00:01]} cxd4 {[%emt 0:00:00]} 4. Nxd4 {[%emt 0:00:00]}
Nf6 {[%emt 0:00:00]} 5. Nc3 {[%emt 0:00:01]} g6 {[%emt 0:00:00]} 6. f3 {[%emt
0:00:02]} Nc6 {[%emt 0:00:01]} 7. Be3 {[%emt 0:00:01]} Bg7 {[%emt 0:00:01]} 8.
Bc4 {[%emt 0:00:01]} O-O {[%emt 0:00:01]} 9. Bb3 {[%emt 0:00:01]} Bd7 {[%emt 0:
00:01]} 10. Qd2 {[%emt 0:00:01]} Qa5 {[%emt 0:00:01]} 11. O-O-O {[%emt 0:00:04]
} Rfc8 {[%emt 0:00:01]} 12. Kb1 {[%emt 0:00:02]} Ne5 {[%emt 0:00:01]} 13. h4 {
[%emt 0:00:05]} Nc4 {[%emt 0:00:02]} 14. Bxc4 {[%emt 0:00:01]} Rxc4 {[%emt 0:
00:00]} 15. Nb3 {[%emt 0:00:01]} Qc7 {[%emt 0:00:08]} 16. Bd4 {[%emt 0:00:02]}
a5 {[%emt 0:00:08]} 17. h5 {[%emt 0:00:02]} a4 {[%emt 0:00:02]} 18. Nc1 {[%emt
0:00:04]} Rxd4 {[%emt 0:00:08]} 19. Qxd4 {[%emt 0:00:03]} Nxh5 {[%emt 0:00:02]}
20. Qd3 {[%emt 0:00:05]} b5 {[%emt 0:00:07]} 21. Nd5 {[%emt 0:00:09]} Qd8 {
[%emt 0:00:08]} 22. g4 {[%emt 0:00:02]} Nf6 {[%emt 0:00:03]} 23. Nxf6+ {[%emt
0:00:04]} Bxf6 {[%emt 0:00:01]} 24. Qe2 {[%emt 0:00:08]} b4 {[%emt 0:00:03]}
25. Qh2 {[%emt 0:00:02]} a3 {[%emt 0:00:08]} 26. Qxh7+ {[%emt 0:00:04]} Kf8 {
[%emt 0:00:01]} 27. b3 {[%emt 0:00:12]} Qc7 {[%emt 0:00:03]} 28. Rd3 {[%emt 0:
00:15]} Rc8 {[%emt 0:00:02]} 29. Qh6+ {[%emt 0:00:02]} Bg7 {[%emt 0:00:04]} 30.
Qd2 {[%emt 0:00:05]} Bb5 {[%emt 0:00:02]} 31. Ne2 {[%emt 0:00:14]} Bxd3 {[%emt
0:00:04]} 32. Qxd3 {[%emt 0:00:01]} Qc5 {[%emt 0:00:09]} 33. Rd1 {[%emt 0:00:
15]} Qe5 {[%emt 0:00:06]} 34. Qd4 {[%emt 0:00:18]} Qh2 {[%emt 0:00:08]} 35. Qd2
{[%emt 0:00:04]} Qf2 {[%emt 0:00:07]} 36. Qd3 {[%emt 0:00:07]} Be5 {[%emt 0:00:
37]} 37. Rd2 {[%emt 0:00:09]} Kg7 {[%emt 0:00:18]} 38. Nd4 {[%emt 0:00:09]}
Qe1+ {[%emt 0:00:41]} 39. Rd1 {[%emt 0:00:04]} Qc3 {[%emt 0:00:05]} 40. Qxc3 {
[%emt 0:00:02]} Rxc3 {[%emt 0:00:01]} 41. Ne2 {[%emt 0:00:18]} Rxf3 {[%emt 0:
00:06]} 42. Nc1 {[%emt 0:00:01]} Re3 {[%emt 0:00:06]} 43. Nd3 {[%emt 0:00:06]}
Bc3 {[%emt 0:00:05] XxHUTIxx resigns} 0-1

[Event "Benidorm Satellite preliminary"]
[Site "playchess.com #007036"]
[Date "2009.10.24"]
[Round "12"]
[White "Chessmaestro"]
[Black "Jiriki"]
[Result "1/2-1/2"]
[WhiteElo "2628"]
[BlackElo "2547"]
[PlyCount "104"]
[EventDate "2009.10.24"]
[EventType "swiss (blitz)"]

1. d4 {[%emt 0:00:02]} e6 {[%emt 0:00:01]} 2. c4 {[%emt 0:00:00]} d5 {[%emt 0:
00:01]} 3. Nc3 {[%emt 0:00:01]} Be7 {[%emt 0:00:01]} 4. Nf3 {[%emt 0:00:01]}
Nf6 {[%emt 0:00:01]} 5. Bf4 {[%emt 0:00:01]} O-O {[%emt 0:00:01]} 6. e3 {[%emt
0:00:00]} c5 {[%emt 0:00:01]} 7. cxd5 {[%emt 0:00:04]} Nxd5 {[%emt 0:00:03]} 8.
Nxd5 {[%emt 0:00:02]} exd5 {[%emt 0:00:00]} 9. Bd3 {[%emt 0:00:07]} cxd4 {
[%emt 0:00:08]} 10. exd4 {[%emt 0:00:02]} Bb4+ {[%emt 0:00:11]} 11. Bd2 {[%emt
0:00:19]} Re8+ {[%emt 0:00:03]} 12. Be2 {[%emt 0:00:01]} Qe7 {[%emt 0:00:34]}
13. Bxb4 {[%emt 0:00:36]} Qxb4+ {[%emt 0:00:06]} 14. Qd2 {[%emt 0:00:01]} Nc6 {
[%emt 0:00:20]} 15. Qxb4 {[%emt 0:00:30]} Nxb4 {[%emt 0:00:01]} 16. Kd2 {[%emt
0:00:02]} Bf5 {[%emt 0:00:05]} 17. a3 {[%emt 0:00:20]} Nc6 {[%emt 0:00:09]} 18.
Bb5 {[%emt 0:00:05]} Re6 {[%emt 0:00:20]} 19. Rhe1 {[%emt 0:00:04]} Rae8 {
[%emt 0:00:03]} 20. Bxc6 {[%emt 0:00:02]} bxc6 {[%emt 0:00:04]} 21. Rxe6 {
[%emt 0:00:03]} Rxe6 {[%emt 0:00:05]} 22. Rc1 {[%emt 0:00:03]} f6 {[%emt 0:00:
15]} 23. Ne1 {[%emt 0:00:08]} Kf7 {[%emt 0:00:05]} 24. Rc5 {[%emt 0:00:04]} Rd6
{[%emt 0:00:16]} 25. Ra5 {[%emt 0:00:26]} Rd7 {[%emt 0:00:01]} 26. Ra6 {[%emt
0:00:03]} Rc7 {[%emt 0:00:04]} 27. Kc3 {[%emt 0:00:02]} c5 {[%emt 0:00:12]} 28.
dxc5 {[%emt 0:00:03]} Rxc5+ {[%emt 0:00:00]} 29. Kd4 {[%emt 0:00:03]} Rc1 {
[%emt 0:00:08]} 30. Rxa7+ {[%emt 0:00:02]} Kg6 {[%emt 0:00:01]} 31. Nf3 {[%emt
0:00:01]} Be4 {[%emt 0:00:12]} 32. Nh4+ {[%emt 0:00:12]} Kh5 {[%emt 0:00:01]}
33. g3 {[%emt 0:00:06]} g5 {[%emt 0:00:04]} 34. f3 {[%emt 0:00:04]} Rd1+ {
[%emt 0:00:17]} 35. Ke3 {[%emt 0:00:14]} Bc2 {[%emt 0:00:01]} 36. Ng2 {[%emt 0:
00:04]} d4+ {[%emt 0:00:00]} 37. Kf2 {[%emt 0:00:03]} Rh1 {[%emt 0:00:06]} 38.
Rc7 {[%emt 0:00:04]} d3 {[%emt 0:00:01]} 39. Rxh7+ {[%emt 0:00:01]} Kg6 {[%emt
0:00:01]} 40. Rd7 {[%emt 0:00:01]} Rxh2 {[%emt 0:00:02]} 41. a4 {[%emt 0:00:02]
} Rh1 {[%emt 0:00:03]} 42. a5 {[%emt 0:00:01]} Rb1 {[%emt 0:00:02]} 43. a6 {
[%emt 0:00:07]} Rxb2 {[%emt 0:00:01]} 44. a7 {[%emt 0:00:00]} Ba4+ {[%emt 0:00:
02]} 45. Ke3 {[%emt 0:00:03]} Bc6 {[%emt 0:00:08]} 46. Rxd3 {[%emt 0:00:02]}
Rxg2 {[%emt 0:00:01]} 47. Rc3 {[%emt 0:00:02]} Bb7 {[%emt 0:00:04]} 48. Rc7 {
[%emt 0:00:01]} Bd5 {[%emt 0:00:02]} 49. Rd7 {[%emt 0:00:01]} Bc6 {[%emt 0:00:
01]} 50. Rc7 {[%emt 0:00:01]} Bd5 {[%emt 0:00:01]} 51. Rd7 {[%emt 0:00:01]} Bc6
{[%emt 0:00:08]} 52. Rc7 {[%emt 0:00:01]} Bd5 {[%emt 0:00:04]} 1/2-1/2

[Event "Benidorm Satellite preliminary"]
[Site "playchess.com #007036"]
[Date "2009.10.24"]
[Round "12"]
[White "MrHub"]
[Black "Windwolf"]
[Result "1/2-1/2"]
[WhiteElo "2432"]
[BlackElo "2267"]
[PlyCount "130"]
[EventDate "2009.10.24"]
[EventType "swiss (blitz)"]

1. d4 {[%emt 0:00:01]} d5 {[%emt 0:00:01]} 2. Nf3 {[%emt 0:00:01]} c6 {[%emt 0:
00:02]} 3. Bf4 {[%emt 0:00:02]} Nf6 {[%emt 0:00:01]} 4. c3 {[%emt 0:00:01]} e6
{[%emt 0:00:01]} 5. Nbd2 {[%emt 0:00:01]} Bd6 {[%emt 0:00:01]} 6. Bg3 {[%emt 0:
00:01]} O-O {[%emt 0:00:02]} 7. e3 {[%emt 0:00:01]} Ne4 {[%emt 0:00:03]} 8.
Nxe4 {[%emt 0:00:02]} dxe4 {[%emt 0:00:01]} 9. Nd2 {[%emt 0:00:00]} f5 {[%emt
0:00:01]} 10. Bc4 {[%emt 0:00:03]} Qe7 {[%emt 0:00:06]} 11. Qh5 {[%emt 0:00:09]
} Kh8 {[%emt 0:00:06]} 12. O-O {[%emt 0:00:08]} e5 {[%emt 0:00:01]} 13. dxe5 {
[%emt 0:00:04]} Bxe5 {[%emt 0:00:01]} 14. Bxe5 {[%emt 0:00:01]} Qxe5 {[%emt 0:
00:01]} 15. Rad1 {[%emt 0:00:01]} Be6 {[%emt 0:00:05]} 16. Bxe6 {[%emt 0:00:05]
} Qxe6 {[%emt 0:00:01]} 17. Nb3 {[%emt 0:00:19]} Na6 {[%emt 0:00:25]} 18. Rd2 {
[%emt 0:00:05]} Nc7 {[%emt 0:00:18]} 19. Rfd1 {[%emt 0:00:05]} Nd5 {[%emt 0:00:
02]} 20. g3 {[%emt 0:00:04]} Rae8 {[%emt 0:00:13]} 21. Nd4 {[%emt 0:00:09]} Qe5
{[%emt 0:00:10]} 22. a3 {[%emt 0:00:03]} Nb6 {[%emt 0:00:04]} 23. Qe2 {[%emt 0:
00:10]} Na4 {[%emt 0:00:34]} 24. Qc4 {[%emt 0:00:09]} Nc5 {[%emt 0:00:04]} 25.
Ne2 {[%emt 0:00:12]} g5 {[%emt 0:00:26]} 26. b4 {[%emt 0:00:09]} Nd3 {[%emt 0:
00:10]} 27. Nc1 {[%emt 0:00:04]} Nxc1 {[%emt 0:00:15]} 28. Rxc1 {[%emt 0:00:05]
} f4 {[%emt 0:00:01]} 29. exf4 {[%emt 0:00:11]} gxf4 {[%emt 0:00:02]} 30. Qd4 {
[%emt 0:00:03] MrHub propose la nulle} e3 {[%emt 0:00:09]} 31. fxe3 {[%emt 0:
00:03]} fxg3 {[%emt 0:00:04]} 32. hxg3 {[%emt 0:00:04]} Rf3 {[%emt 0:00:02]}
33. Qxe5+ {[%emt 0:00:04]} Rxe5 {[%emt 0:00:01]} 34. Rd3 {[%emt 0:00:09]} Rexe3
{[%emt 0:00:14]} 35. Rxe3 {[%emt 0:00:02]} Rxe3 {[%emt 0:00:00]} 36. Kf2 {
[%emt 0:00:00]} Rd3 {[%emt 0:00:01]} 37. a4 {[%emt 0:00:03] MrHub propose la
nulle} Kg7 {[%emt 0:00:01]} 38. a5 {[%emt 0:00:01]} Kg6 {[%emt 0:00:03]} 39.
Rc2 {[%emt 0:00:04]} Kg5 {[%emt 0:00:01]} 40. Re2 {[%emt 0:00:10]} Rxc3 {[%emt
0:00:04]} 41. Re7 {[%emt 0:00:02]} Rc2+ {[%emt 0:00:09]} 42. Kf3 {[%emt 0:00:
02]} Rc3+ {[%emt 0:00:00]} 43. Kf2 {[%emt 0:00:01]} c5 {[%emt 0:00:01]} 44.
bxc5 {[%emt 0:00:15]} Rxc5 {[%emt 0:00:04]} 45. Rxb7 {[%emt 0:00:01]} Rxa5 {
[%emt 0:00:05]} 46. Rxh7 {[%emt 0:00:01]} Ra3 {[%emt 0:00:01]} 47. Rg7+ {[%emt
0:00:03]} Kf6 {[%emt 0:00:01]} 48. Rb7 {[%emt 0:00:01]} a5 {[%emt 0:00:01]} 49.
Kg2 {[%emt 0:00:02]} a4 {[%emt 0:00:01]} 50. Kh3 {[%emt 0:00:01]} Ra1 {[%emt 0:
00:01]} 51. Kg4 {[%emt 0:00:02]} a3 {[%emt 0:00:00]} 52. Ra7 {[%emt 0:00:02]}
a2 {[%emt 0:00:01]} 53. Ra5 {[%emt 0:00:01]} Ke6 {[%emt 0:00:01]} 54. Kg5 {
[%emt 0:00:02] MrHub propose la nulle} Kd6 {[%emt 0:00:03]} 55. g4 {[%emt 0:00:
01]} Kc6 {[%emt 0:00:01]} 56. Kg6 {[%emt 0:00:02]} Kb6 {[%emt 0:00:01]} 57. Ra8
{[%emt 0:00:01]} Kb7 {[%emt 0:00:01]} 58. Ra3 {[%emt 0:00:02]} Kb6 {[%emt 0:00:
02]} 59. g5 {[%emt 0:00:00]} Kb5 {[%emt 0:00:01]} 60. Kg7 {[%emt 0:00:01]} Kb4
{[%emt 0:00:01]} 61. Ra8 {[%emt 0:00:01]} Kc5 {[%emt 0:00:08]} 62. g6 {[%emt 0:
00:01]} Kd6 {[%emt 0:00:01]} 63. Kg8 {[%emt 0:00:04]} Rg1 {[%emt 0:00:05]} 64.
Rxa2 {[%emt 0:00:04]} Rxg6+ {[%emt 0:00:01]} 65. Kf7 {[%emt 0:00:00]} Rg1 {
[%emt 0:00:01] MrHub propose la nulle Arbiter Decision (Draw by material)}
1/2-1/2